The Qur'an / (Record no. 28576)

MARC details
000 -LEADER
fixed length control field 01111 am a22003498a 4500
001 - CONTROL NUMBER
control field ocn191752398
003 - CONTROL NUMBER IDENTIFIER
control field EG-ScBUE
005 - DATE AND TIME OF LATEST TRANSACTION
control field 20200823131039.0
008 - FIXED-LENGTH DATA ELEMENTS--GENERAL INFORMATION
fixed length control field 080122s2008 enkb f b 001 0 eng d
020 ## - INTERNATIONAL STANDARD BOOK NUMBER
International Standard Book Number 9780199535958 (pbk.)
020 ## - INTERNATIONAL STANDARD BOOK NUMBER
International Standard Book Number 0199535957 (pbk.)
029 1# - (OCLC)
OCLC library identifier AU@
System control number 000043619530
035 ## - SYSTEM CONTROL NUMBER
System control number (OCoLC)ocn191752398
040 ## - CATALOGING SOURCE
Original cataloging agency UKM
Language of cataloging eng
Description conventions rda
Transcribing agency UKM
Modifying agency BTCTA
-- BAKER
-- YDXCP
-- BNT
-- EG-ScBUE
041 1# - LANGUAGE CODE
Language code of text/sound track or separate title eng
Language code of original and/or intermediate translations of text ara
082 04 - DEWEY DECIMAL CLASSIFICATION NUMBER
Classification number 297.122521
Item number QUR
Edition number 22
130 0# - MAIN ENTRY--UNIFORM TITLE
Uniform title Qurʼan.
Language of a work English
245 14 - TITLE STATEMENT
Title The Qur'an /
Statement of responsibility, etc a new translation by M.A.S. Abdel Haleem.
264 #1 - PUBLICATION, DISTRIBUTION, ETC. (IMPRINT)
Place of publication, distribution, etc Oxford ;
-- New York :
Name of publisher, distributor, etc Oxford University Press,
Date of publication, distribution, etc 2010.
300 ## - PHYSICAL DESCRIPTION
Extent xli, 464 pages :
Other physical details maps ;
Dimensions 20 cm.
336 ## - CONTENT TYPE
Source rdacontent
Content type term text
Content type code txt
337 ## - MEDIA TYPE
Source rdamedia
Media type term unmediated
Media type code n
338 ## - CARRIER TYPE
Source rdacarrier
Carrier type term volume
Carrier type code nc
490 0# - SERIES STATEMENT
Series statement Oxford world's classics
504 ## - BIBLIOGRAPHY, ETC. NOTE
Bibliography, etc Includes bibliographical references and index.
546 ## - LANGUAGE NOTE
Language note Translated from the Arabic.
630 07 - SUBJECT ADDED ENTRY--UNIFORM TITLE
Uniform title Qurʼan.
653 ## - INDEX TERM--UNCONTROLLED
Resource For college Generalities
Arrived date list July2020
655 ## - INDEX TERM--GENRE/FORM
Form subdivision Reading book
9 (RLIN) 34232
700 1# - ADDED ENTRY--PERSONAL NAME
Personal name Abdel Haleem, M. A.,
Relator term translator.
942 ## - ADDED ENTRY ELEMENTS (KOHA)
Source of classification or shelving scheme Dewey Decimal Classification
Koha item type Book - Borrowing
Holdings
Withdrawn status Lost status Source of classification or shelving scheme Damaged status Not for loan Collection code Home library Current library Shelving location Date acquired Source of acquisition Total Checkouts Full call number Barcode Date last seen Price effective from Koha item type
    Dewey Decimal Classification     Baccah Central Library Central Library Lower Floor 23/08/2020 Purchase   297.122521 QUR 000049464 15/07/2025 23/08/2020 Book - Borrowing